Regla de N.S P S. Francisco (Record no. 10927)
[ view plain ]
| 000 -CABECERA | |
|---|---|
| campo de control de longitud fija | 01653nam a22002897a 4500 |
| 001 - NÚMERO DE CONTROL | |
| campo de control | BRCA_9306 |
| 003 - IDENTIFICADOR DEL NÚMERO DE CONTROL | |
| campo de control | FranzMayer |
| 005 - FECHA Y HORA DE LA ÚLTIMA TRANSACCIÓN | |
| campo de control | 20230809144344.0 |
| 008 - DATOS DE LONGITUD FIJA--INFORMACIÓN GENERAL | |
| campo de control de longitud fija | 230809b |||||||| |||| 00| 0 eng d |
| 040 ## - FUENTE DE LA CATALOGACIÓN | |
| Centro catalogador/agencia de origen | MFM |
| Lengua de catalogación | español |
| Centro/agencia transcriptor | MFM |
| 050 #0 - SIGNATURA TOPOGRÁFICA DE LA BIBLIOTECA DEL CONGRESO | |
| Número de clasificación | BV4506 |
| Número de documento/Ítem | .S26 1725 (LM20) |
| 100 1# - ENTRADA PRINCIPAL--NOMBRE DE PERSONA | |
| Código de función/relación | Autor |
| Nombre de persona | Sanchez, Manuel |
| 9 (RLIN) | 29003 |
| 240 ## - TÍTULO UNIFORME | |
| Título uniforme | Regla de N.S P S. Francisco |
| Medio | y breve declaración de sus preceptos para su mejor observancia y facil inteligencia con una instrucción para los novicios de la religión de N Padre San Francisco, y breve explicación del canto llano con otras advertencias curiosas y necesarias. |
| Lenguaje de la obra | español |
| 245 0# - MENCIÓN DE TÍTULO | |
| Título | Regla de N.S P S. Francisco |
| Resto del título | y breve declaración de sus preceptos para su mejor observancia y fácil inteligencia con una instrucción para los novicios de la religión de N Padre San Francisco, y breve explicación del canto llano con otras advertencias curiosas y necesarias. |
| 260 ## - PUBLICACIÓN, DISTRIBUCIÓN, ETC. | |
| Lugar de publicación, distribución, etc. | México |
| Nombre del editor, distribuidor, etc. | Joseph Bernardo de Hogal, en el Puente del Espiritu Santo |
| Fecha de publicación, distribución, etc. | 1725 |
| 300 ## - DESCRIPCIÓN FÍSICA | |
| Extensión | 78 p. |
| Dimensiones | 20 cm |
| 500 ## - NOTA GENERAL | |
| Nota general | Contiene una oración suelta |
| 500 ## - NOTA GENERAL | |
| Nota general | Fondo antiguo |
| 500 ## - NOTA GENERAL | |
| Nota general | Ejemplar se encuentra en caja fuerte |
| 500 ## - NOTA GENERAL | |
| Nota general | LM20 |
| 500 ## - NOTA GENERAL | |
| Nota general | Con cubierta dura |
| 501 ## - NOTA DE "CON" | |
| Nota de “Con” | Fondo reservado: para su consulta es necesario credencial de usuario y carta motivos. |
| 505 ## - NOTA DE CONTENIDO CON FORMATO | |
| Nota de contenido con formato | Texto en: españolIncluye: índice temáticoDirigido a: religiosos (cristianos), curas o cualquier persona perteneciente a la iglesia católica. |
| 650 1# - PUNTO DE ACCESO ADICIONAL DE MATERIA--TÉRMINO DE MATERIA | |
| Fuente del encabezamiento o término | Teología |
| Término de materia o nombre geográfico como elemento de entrada | Teología práctica |
| Subdivisión de forma | Religión práctica |
| 9 (RLIN) | 29004 |
| 651 2# - PUNTO DE ACCESO ADICIONAL DE MATERIA--NOMBRE GEOGRÁFICO | |
| Fuente del encabezamiento o término | Vida cristiana |
| Nombre geográfico | Trabajos generales |
| Subdivisión de forma | Español y portugués |
| 9 (RLIN) | 29005 |
| 942 ## - ELEMENTOS DE PUNTO DE ACCESO ADICIONAL (KOHA) | |
| Fuente del sistema de clasificación o colocación | Library of Congress Classification |
| Tipo de ítem Koha | Libros |
| Estado de retiro | Estado de pérdida | Fuente del sistema de clasificación o colocación | Estado dañado | No para préstamo | Código de colección | Localización permanente | Ubicación/localización actual | Fecha de adquisición | Fuente de adquisición | Total de préstamos | Signatura topográfica completa | Código de barras | Fecha visto por última vez | Precio válido a partir de | Tipo de ítem Koha |
|---|---|---|---|---|---|---|---|---|---|---|---|---|---|---|---|
| El ejemplar forma parte de la colección y puede ser consultado según las políticas vigentes. | Library of Congress Classification | Libros Antiguos y Raros | Biblioteca del Museo Franz Mayer (Rogerio Casas-Alatriste) | Biblioteca del Museo Franz Mayer (Rogerio Casas-Alatriste) | 09/08/2023 | Donación | BV4506 .S26 1725 (LM20) | LAR00192 | 09/08/2023 | 09/08/2023 | Libros |